000 00704cam a2200145 4500500
005 20251228082903.0
041 _afre
042 _adc
100 1 0 _aMerle, Alexandra
_eauthor
245 0 0 _aJean Racine et l’Orient, Actes d’un Colloque international tenu à l’Université de Haïfa, 14-16 avril 1999, édités par Isabelle Martin et Robert Elbaz, Tübingen, Gunter Narr Verlag, coll. « Biblio 17 », no 148, 2003. Un vol. 14,5 × 21 cm de 229 p.
260 _c2005.
500 _a34
786 0 _nDix-septième siècle | 227 | 2 | 2005-06-01 | p. 355e-376e | 0012-4273
856 4 1 _uhttps://shs.cairn.info/revue-dix-septieme-siecle-2005-2-page-355e?lang=fr&redirect-ssocas=7080
999 _c1599995
_d1599995